Liderazgo permanente: lo que se aprende de los 25 principales líderes empresarios de nuestros tiempos

Guardat en:
Dades bibliogràfiques
Autors principals: Pandya, Mukul (autor), Shell, Robbie (Autor)
Format: Llibre
Idioma:espanyol
Publicat: Ciudad de México Pearson Educación 2007
Edició:1a. ed
Matèries:
Etiquetes: Afegir etiqueta
Sense etiquetes, Sigues el primer a etiquetar aquest registre!

MARC

LEADER 00000nam a2200000 a 4500
001 UCI2008
003 CL-VaPUC
008 070727e20070000MX |||||||||||||||||spa|d
020 |a 9789702608936 
082 0 4 |a 658.5  |b PAN  |2 21 
100 |a Pandya, Mukul  |e autor  |9 522845 
700 0 |a Shell, Robbie  |e author  |9 522846 
245 1 0 |a Liderazgo permanente: lo que se aprende de los 25 principales líderes empresarios de nuestros tiempos  
250 |a 1a. ed 
300 |a 272 p 
942 |c BK 
945 |d 20070727 00:00:00  |a jtorresc 
260 |a Ciudad de México  |b Pearson Educación  |c 2007 
650 0 |a Liderazgo  |9 271835 
650 7 |a EMPRESARIOS  |2 CL-VaPUC  |9 315086 
650 0 |a Administración industrial   |9 259466 
650 0 |a Gestión de la producción   |9 259467 
583 |a last modification  |c 20070727 00:00:00  |k Rodrigo Vera 
999 |c 326673  |d 326671 
952 |0 0  |1 0  |4 0  |6 658_500000000000000_PAN_2007  |7 0  |8 A  |9 408728  |a BIBENE  |b BIBENE  |d 2019-11-22  |i 4359038  |o 658.5 PAN 2007  |p 4359038  |r 2025-01-15  |w 2019-11-22  |y BK  |k ICO